| 000 | 01022cam a2200277 a 4500 | ||
|---|---|---|---|
| 999 |
_c127494 _d127494 |
||
| 001 | 2952642 | ||
| 003 | ARRUPE | ||
| 005 | 20180125120732.0 | ||
| 008 | 901001s1990 fr a b 000 0dfre | ||
| 010 | _a 90200097 | ||
| 020 | _a220404010X | ||
| 040 |
_aDLC _cDLC _dDLC |
||
| 050 | 0 | 0 |
_aBT613 _b.K56 1990 |
| 082 | 0 | 0 |
_a232.91/08/8219 _220 |
| 100 | 1 |
_aKniazeff, Alexis, _d1913-1991. _938871 |
|
| 245 | 1 | 3 |
_aLa Mère de Dieu dans l'Eglise orthodoxe / _cAlexis Kniazeff. |
| 260 |
_aParis : _bEditions du Cerf, _c1990. |
||
| 300 |
_a223 p. : _bill. ; _c24 cm. |
||
| 440 | 0 |
_aThéologies, _x0761-4330 _938866 |
|
| 504 | _aIncludes bibliographical references (p. [9]-11). | ||
| 600 | 0 | 0 |
_aMary, _cBlessed Virgin, Saint _xTheology. _91116 |
| 610 | 2 | 0 |
_aOrthodox Eastern Church _xDoctrines. _916511 |
| 906 |
_a7 _bcbc _corignew _d3 _encip _f19 _gy-gencatlg |
||
| 942 |
_2lcc _cMONOGRAPH |
||